Plant fibres (Record no. 39116)
[ view plain ]
| 000 -LEADER | |
|---|---|
| fixed length control field | 00285nam a2200121Ia 4500 |
| 082 ## - DEWEY DECIMAL CLASSIFICATION NUMBER | |
| Classification number | 633.5 |
| Item number | MAI |
| 100 ## - MAIN ENTRY--AUTHOR NAME | |
| Personal name | MAITI, R K |
| 245 #0 - TITLE STATEMENT | |
| Title | Plant fibres |
| 260 ## - PUBLICATION, DISTRIBUTION, ETC. (IMPRINT) | |
| Place of publication | Dehra Dun |
| Name of publisher | Bishen Singh |
| Year of publication | 1980 |
| 650 ## - SUBJECT ADDED ENTRY--TOPICAL TERM | |
| Topical Term | Fibre plants |
| 942 ## - ADDED ENTRY ELEMENTS (KOHA) | |
| Koha item type | Books |
| Withdrawn status | Lost status | Damaged status | Not for loan | Home library | Current library | Date acquired | Full call number | Accession Number | Koha item type |
|---|---|---|---|---|---|---|---|---|---|
| RRII Library | RRII Library | 16/12/2021 | 633.5 MAI | 19461 | Books |